SNLE français - Statistiques

Statistiques générales
  • Ce quiz a été pris 7 fois
  • Le résultat moyen est 4 sur 10
Statistiques - réponses
Année de service Réponse % Correct
1973 – 1996 Le Terrible
100%
2010 – Le Terrible
100%
1971 – 1991 Le Redoutable
71%
1997 – Le Triomphant
57%
1999 – Le Téméraire
29%
1976 – 2005 L'Indomptable
29%
2004 – Le Vigilant
14%
1974 – 1998 Le Foudroyant
0%
1980 – 1999 Le Tonnant
0%
1985 – 2008 L'Inflexible
0%
Aucun quiz correspondant
Distribution des résultats
% des personnes avec chaque résultat
Percentile par nombre de réponses
Votre historique - résultats
Vous n’avez pas pris ce quiz